Children of French Kings- House of Bourbon - Statistics

General Stats
  • This quiz has been taken 111 times
  • The average score is 21 of 28
Answer Stats
Answer % Correct
Louis, Dauphin of France
100%
Louise XVII, King of France
100%
Louis Francois, Duke of Anjou
100%
Louis, Grand Dauphin
100%
Louis Joseph, Dauphin of France
100%
Louis XIII, King of France
100%
Louis XIV, King of France
100%
Nicolas Henri, Duke of Orleans
93%
Phillippe Charles, Duke of Anjou
89%
Henrietta Maria, Queen of England, Scotland, and Ireland
83%
Phillippe I, Duke of Orleans
83%
Phillippe of France, Duke of Anjou
83%
Marie Anne of France
81%
Marie Therese of France
81%
Anne Elisabeth of France
79%
Marie Louise of France
79%
Marie Therese, Duchess of Angouleme
76%
Marie Adelaide of France
74%
Christine Marie, Duchess of Savoy
71%
Louise Elisabeth, Duchess of Parma
71%
Anne Henriette of France
66%
Elisabeth, Queen of Spain
66%
Louise of France
50%
Therese of France
49%
Sophie of France
38%
Sophie of France
38%
Gaston, Duke of Orleans
28%
Victoire of France
21%
No matching quizzes found
Score Distribution
Percent of People with Each Score
Percentile by Number Answered
Your Score History
You have not taken this quiz